15 największych miast Niemiec - Statystyki

Ogólne statystyki
  • Ten quiz został rozwiązany 142 razy
  • Średni wynik to 11 z 15
Statystyki odpowiedzi
Ludność Miasto % Poprawnych
3 755 251 Berlin
100%
1 512 491 Monachium
96%
1 892 122 Hamburg
94%
593 317 Dortmund
88%
616 093 Lipsk
88%
1 084 831 Kolonia
83%
563 311 Drezno
77%
632 865 Stuttgart
77%
569 396 Brema
75%
773 068 Frankfurt nad Menem
68%
629 047 Düsseldorf
64%
523 026 Norymberga
63%
545 045 Hanower
60%
584 580 Essen
52%
502 211 Duisburg
26%
Nie znaleziono quizów pasujących do podanych kryteriów
Rozkład punktacji
Procent ludzi z każdym wynikiem
Percentyl według liczby udzielonych odpowiedzi
Twoja historia wyników
Nie rozwiązałeś tego quizu